AQA(A) AS:Psychology (Record no. 187)
[ view plain ]
| 005 - DATE AND TIME OF LATEST TRANSACTION | |
|---|---|
| control field | 20250618133803.0 |
| 020 ## - INTERNATIONAL STANDARD BOOK NUMBER | |
| International Standard Book Number | 978-0-340-94975-7 |
| 082 ## - DEWEY DECIMAL CLASSIFICATION NUMBER | |
| Classification number | 150 LAW |
| 100 ## - MAIN ENTRY--PERSONAL NAME | |
| Author name | LAWTON, J. |
| 245 ## - TITLE STATEMENT | |
| Title | AQA(A) AS:Psychology |
| 260 ## - PUBLICATION, DISTRIBUTION, ETC. | |
| Place of publication, distribution, etc. | Oxfordshire, |
| Name of publisher, distributor, etc. | Philip Allan, |
| Date of publication, distribution, etc. | 2009. |
| 300 ## - PHYSICAL DESCRIPTION | |
| Extent | iv, 92p.: ill.; figure. |
| Dimensions | 30cm. |
| 856 ## - ELECTRONIC LOCATION AND ACCESS | |
| Link text | Access Online book |
| Electronic name | Psychology |
| Path | www.philipallan.co.uk |
| 942 ## - ADDED ENTRY ELEMENTS (KOHA) | |
| Source of classification or shelving scheme | Dewey Decimal Classification |
| Koha item type | Books |
| Date last seen | Total checkouts | Full call number | Barcode | Cost, replacement price | Price effective from | Koha item type | Lost status | Source of classification or shelving scheme | Damaged status | Not for loan | Withdrawn status | Home library | Current library | Shelving location | Date acquired | Cost, normal purchase price |
|---|---|---|---|---|---|---|---|---|---|---|---|---|---|---|---|---|
| 03/07/2025 | 150 LAW | 000000471 | 60000.00 | 03/07/2025 | Books | Dewey Decimal Classification | College of Business Education Main Library | College of Business Education Main Library | General Collection | 03/07/2025 | 20000.00 |
